Guess the kpop song/mv by one member #2 - Statistics

General Stats
  • This quiz has been taken 151 times
  • The average score is 10 of 24
Answer Stats
Picture Hint Answer % Correct
Rose APT
99%
Aespa Whiplash
75%
Seventeen Super
72%
Gidle Tomboy
69%
Lisa LaLisa
64%
Blackpink Shutdown
63%
Bts Boy with luv
58%
Exo Love shot
54%
Kiss of life Midas touch
54%
Itzy Loco
53%
Illit Tick tack
52%
Newjeans How sweet
46%
Txt Sugar rush ride
45%
Ive Heya
43%
Nct dream Candy
34%
Straykids Walkin on water
33%
Twice Set me free
32%
Boynextdoor Earth wind and fire
21%
Nct 127 2 baddies
20%
Enhypen Sacrifice
14%
Sunmi Heart burn
13%
Ateez Firework
12%
Zerobaseone Good so bad
11%
The boyz Lip gloss
10%
No matching quizzes found
Score Distribution
Percent of People with Each Score
Percentile by Number Answered
Your Score History
You have not taken this quiz